000 00534nam a2200169Ia 4500
003 GCL
008 140319s9999 xx 000 0 ara d
040 _aGCL /
_cGCL
082 0 4 _a953.302
_bم م
100 1 _aمحمد جبريل
245 1 0 _a"مدينة المهاجرين ""حضرموت"" (هدية من الاديب عبدالفتاح الجمل)" /
_cمحمد جبريل
300 _a120 ص
490 _aكتب قومية
_v0
650 0 4 _aالاستعمار البريطانى
650 0 4 _aحضرموت
942 _2ddc
_cBK
999 _c41076
_d41076